Right of a wife to maintenance and ancillary relief : a comparative study of the shariah and the common law /
Saved in:
| 主要作者: | |
|---|---|
| 格式: | Thesis |
| 語言: | English |
| 出版: |
Petaling Jaya
: International Islamic University Malaysia,
1993
|
| 主題: | |
| 在線閱讀: | Click here to view 1st 24 pages of the thesis. Members can view fulltext at the specified PCs in the library. |
| 標簽: |
添加標簽
沒有標簽, 成為第一個標記此記錄!
|
| LEADER | 019830000a22003850004500 | ||
|---|---|---|---|
| 001 | 71766 | ||
| 005 | 20230417183404.0 | ||
| 008 | 930907s1993 eng | ||
| 035 | |a 263562 | ||
| 035 | |a (Sirsi) 71766 | ||
| 040 | |a UIAM |b eng | ||
| 050 | |a BP158.5K33 | ||
| 100 | 0 | |a Noraini Mohd Hashim |9 70812 | |
| 245 | 1 | 0 | |a Right of a wife to maintenance and ancillary relief : |b a comparative study of the shariah and the common law / |c Noraini bt. Mohd Hashim |
| 260 | 1 | |a Petaling Jaya |b : International Islamic University Malaysia, |c 1993 | |
| 300 | |a 174 p. | ||
| 336 | |2 rdacontent | ||
| 337 | |2 rdamedia | ||
| 338 | |2 rdacarrier | ||
| 500 | |a "This dissertation is submitted as a partial requirement for completing Master of Comparative Laws programme."--On t.p. | ||
| 502 | |a (M.C.L.)--International Islamic University Malaysia, 1993 | ||
| 504 | |a Includes bibliographical references. | ||
| 650 | 0 | |a Support (Domestic relations law, Islamic) |9 4249 | |
| 650 | 0 | |a Husband and wife (Islamic law) |9 4250 | |
| 650 | 0 | |a Divorce (Islamic law) |z Malaysia |9 69867 | |
| 655 | 0 | 7 | |a Theses, IIUM local |
| 690 | 0 | |a Dissertations, Academic |x Kulliyyah of Laws |z IIUM | |
| 710 | 2 | |a International Islamic University Malaysia. |b Kulliyyah of Laws |9 38108 | |
| 856 | 4 | |u hhttp://studentrepo.iium.edu.my/handle/123456789/1810 |z Click here to view 1st 24 pages of the thesis. Members can view fulltext at the specified PCs in the library. | |
| 900 | |a bal-naw | ||
| 942 | |2 lcc |n 0 | ||
| 999 | |c 430343 |d 461834 | ||
| 952 | |0 0 |6 T BP158.5K33N822R 1993 |7 0 |8 THESES |9 749564 |a IIUM |b IIUM |c MULTIMEDIA |g 0.00 |o t BP158.5K33N822R 1993 |p 00010981721 |r 2017-10-17 |t 1 |v 0.00 |y THESIS | ||
| 952 | |0 0 |6 LU T BP158.5K33N822R 1993 |7 0 |8 THESES |9 749565 |a IIUM |b IIUM |c CLOSEACCES |g 0.00 |o lu t BP158.5K33N822R 1993 |p 00000263569 |r 2017-10-24 |t 1 |v 0.00 |y THESIS | ||
| 952 | |0 0 |6 TS CDF BP158.5K33N822R 1993 |7 0 |8 THESES |9 789417 |a IIUM |b IIUM |c MULTIMEDIA |g 0.00 |o ts cdf BP158.5K33N822R 1993 |p 11100325551 |r 2017-10-26 |t 1 |v 0.00 |y THESISDIG | ||
